La vida es sueño

সংরক্ষণ করুন:
গ্রন্থ-পঞ্জীর বিবরন
প্রধান লেখক: Calderón de la Barca, Pedro (Author)
বিন্যাস: গ্রন্থ
ভাষা:স্প্যানিশ
প্রকাশিত: s.n 1950
বিষয়গুলি:
ট্যাগগুলো: ট্যাগ যুক্ত করুন
কোনো ট্যাগ নেই, প্রথমজন হিসাবে ট্যাগ করুন!

MARC

LEADER 00000nam a2200000 a 4500
001 UCW6224
003 CL-VaPUC
008 911107e19500000SP |||||||||||||||||spa|d
082 0 4 |a 862  |b CAL  |2 21 
100 0 |a Calderón de la Barca, Pedro  |e author  |9 311250 
245 1 3 |a La vida es sueño 
300 |a 26 p 
942 |c BK 
945 |d 19911107 00:00:00 
260 |b s.n  |c 1950 
650 0 |a Dramas españoles  |9 267081 
583 |a last modification  |c 20130411 08:06:47  |k Rodrigo Vera 
999 |c 219369  |d 219367 
952 |0 0  |1 0  |4 0  |6 862_000000000000000_CAL_1950  |7 0  |8 P  |9 210228  |a BIBEDU  |b BIBEDU  |d 2019-11-15  |i 2782987  |o 862 CAL 1950  |p 2782987  |r 2019-11-15  |w 2019-11-15  |y BK  |k EDU